00618cam a22002171 4500001001300000003000400013005001700017008004100034010001700075035001900092040001800111042001200129050002500141082001000166100001800176245006600194260005700260300002300317500004300340999001700383ca 34001828 DLC20260227111135.0800130s1933 mnu 000 0 eng  aca 34001828  a(OCoLC)5927540 aDLCcOCldDLC apremarc00aPS3537.P442bL5 1933 a812.51 aSpence, Wall.15a"The little impostor",ba comedy in one act,cby Wall Spence. aMinneapolis, Minn.,bThe Northwestern press,cc1933. a20, [2] p.c19 cm. aBlank pages for "Remarks" ([2] at end) c17641d17641